000
00244nam a2200097Ia 4500
008
230907s9999||||xx |||||||||||||| ||und||
082
_a
620.14,ADV
245
0
_a
Advances in solid oxide fuel cells IX :
300
_a
xi, 143 pages :
942
_c
BK
999
_c
597453
_d
597453